Dakshina kannada jilleya arthika mattu samajika sameekshe 1990-91 (Record no. 212149)
[ view plain ]
| 000 -LEADER | |
|---|---|
| fixed length control field | 00835nam a2200205Ia 4500 |
| 003 - CONTROL NUMBER IDENTIFIER | |
| control field | OSt |
| 005 - DATE AND TIME OF LATEST TRANSACTION | |
| control field | 20241015103049.0 |
| 008 - FIXED-LENGTH DATA ELEMENTS--GENERAL INFORMATION | |
| fixed length control field | 210719s1991 xx 000 0 und d |
| 040 ## - CATALOGING SOURCE | |
| Transcribing agency | AL |
| 041 ## - LANGUAGE CODE | |
| Language code of text/sound track or separate title | Kannada |
| 082 ## - DEWEY DECIMAL CLASSIFICATION NUMBER | |
| Classification number | 310.95487 KARD |
| 100 ## - MAIN ENTRY--PERSONAL NAME | |
| Personal name | KARNATAKA SARAKARA |
| Dates associated with a name | ಕರ್ನಾಟಕ ಸರ್ಕಾರ |
| 9 (RLIN) | 182342 |
| 245 ## - TITLE STATEMENT | |
| Title | Dakshina kannada jilleya arthika mattu samajika sameekshe 1990-91 |
| Remainder of title | ದಕ್ಷಿಣ ಕನ್ನಡ ಜಿಲ್ಲೆಯ ಆರ್ಥಿಕ ಮತ್ತು ಸಾಮಾಜಿಕ ಸಮೀಕ್ಷೆ 1990-91 |
| 260 ## - PUBLICATION, DISTRIBUTION, ETC. | |
| Place of publication, distribution, etc. | Mangaluru. |
| Name of publisher, distributor, etc. | Jilla Sankhya Sangrahanadhikariyavara Kacheri., |
| Date of publication, distribution, etc. | 1991 |
| 300 ## - PHYSICAL DESCRIPTION | |
| Extent | 76 |
| Other physical details | PB |
| 365 ## - TRADE PRICE | |
| Currency code | Rs |
| 650 ## - SUBJECT ADDED ENTRY--TOPICAL TERM | |
| Topical term or geographic name entry element | Mathematical Statistics |
| 9 (RLIN) | 182343 |
| 906 ## - LOCAL DATA ELEMENT F, LDF (RLIN) | |
| a | 1990-91 ; arthika ; Dakshina ; jilleya ; kannada ; mattu ; samajika ; sameekshe |
| 942 ## - ADDED ENTRY ELEMENTS (KOHA) | |
| Source of classification or shelving scheme | Dewey Decimal Classification |
| Koha item type | Book |
| Withdrawn status | Lost status | Source of classification or shelving scheme | Damaged status | Not for loan | Home library | Current library | Date acquired | Total Checkouts | Full call number | Barcode | Date last seen | Price effective from | Koha item type |
|---|---|---|---|---|---|---|---|---|---|---|---|---|---|
| Dewey Decimal Classification | Restricted Book | St Aloysius Library | St Aloysius Library | 12/31/2001 | 310.95487 KARD | D00040 | 07/19/2021 | 07/19/2021 | Donated Books |